000 01033nam a2200313 i 4500
003 OSt
005 20260121155314.0
008 260119s2025 my my a er 000 0 may d
020 _a9789672635574
_qpaperback
_cRM 80.00
040 _aPPAK
_beng
_cPPAK
_erda
082 0 4 _a959.5
_223
090 0 0 _a959.5
_bMEM
_dG
090 0 0 _a959.5
_bMEM
_dKK
245 0 0 _aMEMPERKASA SEJARAH sebagai WAHANA PEMBANGUNAN /
_nPenyunting Mohd Samsudin
264 1 _aKuala Lumpur :
_bPersatuan Sejarah Malaysia,
_c[2024]
300 _axiii, 586 pages :
_billustrations ;
_c24 cm
336 _atext
_2rdacontent
336 _astill image
_2rdacontent
337 _aunmediated
_2rdamedia
338 _avolume
_2rdacarrier
504 _aBibliography: pages 560-586
583 _aRetained
_f“This book must not be disposed of.”
650 1 0 _aHistory
_zMalaysia
650 2 0 _aHistoriography
651 0 _aMalaysia
_xHistory
651 0 _aMalaysia
_xHistory
700 0 _aMohd Samsudin,
_eeditor.
942 _2ddc
_cB
999 _c202790
_d202790